| 000 | 00768cam a2200253 a 4500 | ||
|---|---|---|---|
| 005 | 20260322212058.0 | ||
| 008 | data | ||
| 010 | _a 94037165 | ||
| 020 | _a1564589927 | ||
| 020 | _a9781564589927 | ||
| 040 |
_aDLC _cDLC _dDLC |
||
| 050 | 0 | 0 |
_aQP38 _b.H7933 1995 |
| 082 | 0 | 0 |
_a612 _220 |
| 092 | _a612 H7933 1995 | ||
| 245 | 0 | 4 |
_aThe human body : _ban illustrated guide to its structure, function, and disorders / _cedited by Charles B. Clayman. |
| 250 | _a1st American ed. | ||
| 260 |
_aNew York : _aNew York : _bDorling Kindersley Pub., _c1995. |
||
| 300 |
_a240 p. : _bcol. ill. ; _c32 cm. |
||
| 650 | 0 |
_aHuman physiology _xPopular works. |
|
| 650 | 0 |
_aHuman anatomy _xPopular works. |
|
| 650 | 0 | _aMedicine, Popular. | |
| 700 | 1 | _aClayman, Charles B. | |
| 001 | data | ||
| 999 |
_c1384 _d1384 |
||